000 00300nam a2200145Ia 4500
100 _aKing
650 _aGeneral
942 _cBK
654 _aOffice Furniture
245 _aOffice Furniture Annul
260 _bCesane Roversi
_aItaly
_c1987
082 _a749
300 _a250
546 _aENGLISH
999 _c27802
_d27802